| 000 | 00538nam a22001817a 4500 | ||
|---|---|---|---|
| 005 | 20260226150402.0 | ||
| 008 | 260226b |||||||| |||| 00| 0 eng d | ||
| 020 | _a978-1-285-05108-6 | ||
| 050 |
_aQA 278 .A67 2014 _b1 |
||
| 100 | _aKLEINBAUM, DAVID G. | ||
| 245 | _aAPPLIED REGRESSION ANALYSIS AND OTHER MULTIVARIABLE METHODS | ||
| 250 | _a5TH EDITION | ||
| 260 |
_aAUSTRALIA. _bASHFORD COLOUR LIMITED . _c2014. |
||
| 300 | _aXIX,1051;ILL | ||
| 500 | _aINCLUDES APPENDIX INDEX | ||
| 650 | _aREGRESSION ANALYSIS | ||
| 942 |
_2lcc _cBK |
||
| 999 |
_c216711 _d216711 |
||